000 00226nmm a2200085Ia 4500
008 220120s9999||||xx |||||||||||||||||und||
100 _aDigit
245 0 _aNow archieved 36 issues of digit with search functionaly
260 _c2004
999 _c138606
_d138606